000 00781cam a22002411 4500
001 ne 62000518
003 DLC
005 20260227111735.0
008 941005s1960 iq b 000 0 ararc
010 _ane 62000518
035 _a(OCoLC)31228058
040 _aPrinceton Univ. Libr.
_cCU
_dCU
_dDLC
042 _apremarc
050 0 0 _aPJ7515
_b.S2
100 1 _aSallūm, Dāʼūd.
245 1 0 _aMaʻa al-adab al-ʻArabī al-qadīm,
_ctaʼlīf Dāʼūd Sallūm.
260 _aal-Najaf,
_bMaṭbaʻat al-Ādāb,
_c[1960]
300 _a173 p.
_c22 cm.
504 _aBibliography: p. 172-173.
500 _aCover title: Essays on ancient Arabic literature, by D. Salloum.
650 0 _aArabic literature
_xHistory and criticism.
740 0 _aEssays on ancient Arabic literature.
999 _c45073
_d45073